Statistics for DreamWorks movie scores

Click here to take the quiz!

General Stats

  • This quiz has been taken 26 times
    (12 since last reset)
  • The average score is 20 of 43

Answer Stats

HintAnswer% Correct
99%How to Train Your Dragon
90%
88%Shrek
90%
87%Kung Fu Panda
80%
89%Shrek 2
80%
91%How to Train Your Dragon 2
70%
41%Shrek the Third
70%
92%Antz
60%
49%Bee Movie
60%
90%How to Train Your Dragon: The Hidden World
60%
80%Kung Fu Panda 2
60%
86%Kung Fu Panda 3
60%
54%Madagascar
60%
86%Puss in Boots
60%
57%Shrek Forever After
60%
87%Captain Underpants: The First Epic Movie
50%
78%Madagascar 3: Europe's Most Wanted
50%
64%Madagascar: Escape 2 Africa
50%
72%Megamind
50%
95%Puss in Boots: The Last Wish
50%
97%Chicken Run
40%
81%Mr. Peabody and Sherman
40%
74%Rise of the Guardians
40%
69%Spirit: Stallion of the Cimarron
40%
88%The Bad Guys
40%
53%The Boss Baby
40%
46%The Boss Baby: Family Business
40%
72%The Croods
40%
80%The Prince of Egypt
40%
48%The Road to El Dorado
40%
73%Flushed Away
30%
52%Home
30%
75%Over the Hedge
30%
74%Penguins of Madagascar
30%
35%Shark Tale
30%
45%Sinbad: Legend of the Seven Seas
30%
49%Spirit Untamed
30%
77%The Croods: A New Age
30%
75%Trolls
30%
71%Trolls: World Tour
30%
67%Turbo
30%
82%Abominable
20%
74%Monsters vs Aliens
20%
95%Wallace and Gromit: The Curse of the Were-Rabbit
20%

Score Distribution

Percentile by Number Answered

Percent of People with Each Score

Your Score History

You have not taken this quiz since the last reset